01335nam a2200277Ia 450000500170000000800410001702000180005804000180007604100080009408200220010210000280012424501010015225000120025326000430026530000120030865000280032065000290034865000500037770000270042770000270045494200310048199900190051295201750053195201750070695201760088120220924114321.0210716s2013 xx 000 0 und d a9788131518854 cAIMIT LIBRARY aeng a621.382 23bPROJ aProakis, John G.958452 aModern communication systems using matlab /cBy John G Proakis, Masoud Salehi and Gerhard Bauch. a3rd ed. aNew Delhi :bCengage Learning ,c2013. axii,580 aRandom processes958453 aAnalog modulation958454 aTransmission through wireless channels958455 aSalehi, Masoud.958456 aBauch, Gerhard.958457 2ddccBKe3rdk621.382 PROJ c193826d193826 00102ddc40708MCAaAIMITbAIMITeHigginbothams Pvt Ltdg450.00iBill no:835; Bill dt:2013-08-19l0o621.382 PROJpMCA13154r2025-07-21 00:00:00v337.50w2021-07-16yBK 00102ddc40708MCAaAIMITbAIMITeHigginbothams Pvt Ltdg450.00iBill no:835; Bill dt:2013-08-19l0o621.382 PROJpMCA13155r2025-07-21 00:00:00v337.50w2021-07-16yBK 00102ddc40708MCAaAIMITbAIMITeHigginbothams Pvt Ltdg450.00iBill no:1492; Bill dt:2014-03-15l0o621.382 PROJpMCA13334r2025-07-21 00:00:00v337.50w2021-07-16yBK